000 00574cam a2200205 4500
001 D15182
008 090401t1983 xxu||||| |||| 00| 0 eng d
035 _a(Sirsi) u20826
041 _aeng
050 _a690.2025
110 _aRoyal Institution of Chartered Surveyors
_bSurrey Branch
_9846
245 _aChartered building surveyors in the Surrey area: directory 1983
260 _bRICS
_c1983
300 _a1 folded sheet. 21cm
350 _a0
520 _aFiled in box RICS 1983/50A
710 _aBuilding Surveyors Division
942 _n0
948 _c04/03/1997
999 _c87882
_d87882